01490nab a2200193 i 4500001001000000003001000010005001700020008004100037040003000078041000800108100002800116245009600144300005100240520076300291653001601054773020101070942000801271999001701279768714001CO-MdFUSB20221019145213.0221018b1955 ck ||||| |||| 00| 0 spa d bspacCO-MdFUSBdCO-MdFUSB aspa aHourton, Jorge, eautor aNecesidad y posibilidad de una formación intelectual sintética y vitalc/ Jorge Hourton aNumero 16, (1965), páginas 57 - 64 c; 23 cm aLas reflexiones que se exponen son un intento de responder al tema que se ha propuesto bajo el título "necesidad y posibilidad de una formación intelectual sintética y vital" para nuestros seminaristas. Tomamos el término "sintético", en el sentido etimológico: visión de conjuntos, es decir, nos proponemos considerar no los múltiples aspectos particulares del programa que tenemos actualmente en vigencia más o menos igual en todas partes , si no un enfoque global acerca de lo que podemos pretender como meta ideal hacia la cual orientar nuestros esfuerzos. Y "vital" significa para nosotros la proyección efectiva que debe tener una formación de futuros pastores de almas, tanto en sus vidas personales como en su futuro apostolado. aFormación0 068207981327aSeminario Conciliar de Medellín, oR2114tRevista del Seminario Conciliar de Medellín - Colombia.w(CO-MdFUSB)768714001gNumero 15, (1965), páginas 57 - 64 qpáginas 57 - 64  cANA c68306d68306